000 00635nam a2200241Ia 4500
003 OSt
005 20221005122222.0
006 a|||||r|||| 00| 0
007 ta
008 221004b |||||||| |||| 00| 0 mal d
024 _a59215
037 _cTextual
040 _aCRL
_cCRL
_bmal
041 _2mal
_amal
082 _aY173(P32):351, 32K2
100 _aKochu Krishnan Au.
_9631660
245 0 _aIravikutty pillapporu
260 _c1962
650 _a SOCIOLOGY
650 _aMALAYALAM LITERATURE
_938866
942 _hY173(P32):351, 32K2
_cTEXL
_2cc
999 _c1043634
_d1043634